Many laughs for many days (Record no. 5946)

MARC details
000 -CABECERA
campo de control de longitud fija 00620nam a2200205 a 4500
001 - NÚMERO DE CONTROL
campo de control BRCA_6259
005 - FECHA Y HORA DE LA ÚLTIMA TRANSACCIÓN
campo de control 20190320205404.0
008 - DATOS DE LONGITUD FIJA--INFORMACIÓN GENERAL
campo de control de longitud fija 220711s1925----nyu#######---#000-0#eng-#
041 ## - CÓDIGO DE LENGUA
Código de lengua del texto/banda sonora o título independiente eng
044 ## - CÓDIGO DEL PAÍS DE LA ENTIDAD EDITORA/PRODUCTORA
Código MARC del país nyu
050 #4 - SIGNATURA TOPOGRÁFICA DE LA BIBLIOTECA DEL CONGRESO
Número de clasificación PN6161
Número de documento/Ítem .C645 1925
100 1# - ENTRADA PRINCIPAL--NOMBRE DE PERSONA
Nombre de persona Cobb, Irvin S
Fechas asociadas al nombre 1876-1944
Forma completa/desarrollada del nombre (Irvin Shrewsbury)
9 (RLIN) 15441
245 10 - MENCIÓN DE TÍTULO
Título Many laughs for many days
Resto del título another year’s supply (365) of his favorite stories as told
Mención de responsabilidad, etc. by Irvin S. Cobb.
260 ## - PUBLICACIÓN, DISTRIBUCIÓN, ETC.
Lugar de publicación, distribución, etc. Garden City, N.Y.
Nombre del editor, distribuidor, etc. Garden City
Fecha de publicación, distribución, etc. 1925
300 ## - DESCRIPCIÓN FÍSICA
Extensión 243 p.
Dimensiones 21 cm.
500 ## - NOTA GENERAL
Nota general K122
650 14 - PUNTO DE ACCESO ADICIONAL DE MATERIA--TÉRMINO DE MATERIA
Término de materia o nombre geográfico como elemento de entrada Humorismo estadounidense
9 (RLIN) 10411
902 ## - CATALOGADOR
Iniciales GFM
942 ## - ELEMENTOS DE PUNTO DE ACCESO ADICIONAL (KOHA)
Fuente del sistema de clasificación o colocación Library of Congress Classification
Tipo de ítem Koha Libros
Holdings
Estado de retiro Estado de pérdida Estado dañado No para préstamo Localización permanente Ubicación/localización actual Fecha de adquisición Número de inventario Total de préstamos Signatura topográfica completa Código de barras Fecha visto por última vez Precio válido a partir de Tipo de ítem Koha
El ejemplar forma parte de la colección y puede ser consultado según las políticas vigentes.       Biblioteca del Museo Franz Mayer (Rogerio Casas-Alatriste) Biblioteca del Museo Franz Mayer (Rogerio Casas-Alatriste) 22/07/2011 K122   PN6161 .C645 1925 (K122) 6698 22/03/2019 22/03/2019 Libros